01298pam a2200349Ia 4500001001100000003000800011006001900019007001500038008004100053010001700094020001500111020002200126040002100148035002100169050002400190082001400214100003000228245009900258250001200357260005000369300001700419490003900436504005300475533015200528546001300680650001700693650002700710655002900737710001700766830004000783856012500823ebr5001405CaPaEBRm u cr cn|||||||||870512s1988 enk sb 001 0 eng d z 87012875  z0710210655 z0710210663 (pbk.) aCaPaEBRcCaPaEBR a(OCoLC)22804049214aBF698b.H333 1988eb04a155.22191 aHampson, Sarah E.,d1951-14aThe construction of personalityh[electronic resource] :ban introduction /cSarah E. Hampson. a2nd ed. aLondon :bNew York, N.Y. :bRoutledge,c1988. aviii, 320 p.1 aIntroductions to modern psychology aIncludes bibliographical references and indexes. aElectronic reproduction.bPalo Alto, Calif. :cebrary,d2013.nAvailable via World Wide Web.nAccess may be limited to ebrary affiliated libraries. aEnglish. 0aPersonality. 0aPersonalityxResearch. 7aElectronic books.2local2 aebrary, Inc. 0aIntroductions to modern psychology.40uhttp://site.ebrary.com/lib/rucke/Doc?id=5001405zAn electronic book accessible through the World Wide Web; click to view